Genio y figura de Amado Nervo.

Bibliographic Details
Main Author: Durán, Manuel, 1925-
Format: Book
Language:English
Published: [Buenos Aires] : Editorial Universitaria de Buenos Aires, [1969]
Edition:[2. ed.].
Series:Biblioteca de America. Coleccion Genio y figura ; 21.
Subjects:

MARC

Tag First Indicator Second Indicator Subfields
LEADER 00000cam a2200000 4500
001 in00000212939
005 20151009062008.0
008 760311s1969 ag ach 00000 eng u
035 |a (OCoLC)02043910 
035 |9 AAX7158AM 
040 |c ITD  |d TXA  |d UtOrBLW 
049 |a TXAM  |c [930138] 
090 |a PQ7297.N5  |b Z538 1969 
100 1 |a Durán, Manuel,  |d 1925- 
245 1 0 |a Genio y figura de Amado Nervo. 
250 |a [2. ed.]. 
264 1 |a [Buenos Aires] :  |b Editorial Universitaria de Buenos Aires,  |c [1969] 
300 |a 223 pages :  |b illustrations, facsimiles, portraits ;  |c 18 cm. 
336 |a text  |b txt  |2 rdacontent 
337 |a unmediated  |b n  |2 rdamedia 
338 |a volume  |b nc  |2 rdacarrier 
490 1 |a Biblioteca de America. Coleccion Genio y figura,  |v 21 
504 |a "Obras de Amado Nervo": pages 177-219. 
504 |a Bibliography: pages 222-223. 
600 1 0 |a Nervo, Amado,  |d 1870-1919. 
830 0 |a Biblioteca de America.  |p Coleccion Genio y figura ;  |v 21. 
999 |a MARS 
999 f f |s 04f87c65-cc85-3409-a433-e9b97ff2bc22  |i a28cf39d-f86b-3a07-80a2-2183342f5a64  |t 0 
952 f f |p normal  |a Texas A&M University  |b College Station  |c Sterling C. Evans Library  |d Evans: Library Stacks  |t 0  |e PQ7297.N5 Z538 1969  |h Library of Congress classification  |i unmediated -- volume  |m A14803826274 
998 f f |a PQ7297.N5 Z538 1969  |t 0  |l Evans: Library Stacks